[Event "26th Klatovy A 2018"]
[Site "Klatovy CZE"]
[Date "2018.07.06"]
[Round "7.38"]
[White "Svanda, Adam"]
[Black "Hulin, Petr"]
[Result "1-0"]
[WhiteElo "1814"]
[BlackElo "2090"]
[PlyCount "113"]
[EventDate "2018.06.30"]
[EventType "swiss"]
[EventRounds "9"]
[EventCountry "CZE"]

1. c4 Nf6 2. Nf3 e6 3. g3 d5 4. b3 Nbd7 5. Bg2 c6 6. O-O Bd6 7. d4 O-O 8. Bb2 Qe7 9. Nbd2 e5 10. dxe5 Nxe5 11. Nxe5 Bxe5 12. Bxe5 Qxe5 13. cxd5 Nxd5 14. Nc4 Qe7 15. e4 Nb6 16. Qd6 Qe6 17. Qxe6 Bxe6 18. Nxb6 axb6 19. Rfd1 Rfd8 20. Bf3 Kf8 21. Rxd8+ Rxd8 22. Rd1 Rxd1+ 23. Bxd1 Ke7 24. Kf1 Kd6 25. Ke2 Kc5 26. Kd3 Kb4 27. Kc2 Ka3 28. Kb1 c5 29. Be2 Bd7 30. f4 b5 31. e5 f6 32. exf6 gxf6 33. g4 b4 34. h4 h6 35. g5 fxg5 36. fxg5 hxg5 37. hxg5 Bf5+ 38. Ka1 Bg6 39. Bb5 b6 40. Bc4 Be8 41. Bd3 b5 42. Kb1 c4 43. bxc4 bxc4 44. Bxc4 Bg6+ 45. Kc1 Bf5 46. Bf7 Bh7 47. Kd2 Bf5 48. Ke3 Bh7 49. Kf4 Kb2 50. Ke5 Ka3 51. Kf6 Kb2 52. g6 Bxg6 53. Kxg6 Kc3 54. Kf5 Kd4 55. Bb3 Kc3 56. Ke5 Kb2 57. Kd5 1-0

[Event "26th Klatovy A 2018"]
[Site "Klatovy CZE"]
[Date "2018.07.06"]
[Round "7.39"]
[White "Kantor, Jozef"]
[Black "Novak, Martin"]
[Result "0-1"]
[WhiteElo "1813"]
[BlackElo "1945"]
[PlyCount "46"]
[EventDate "2018.06.30"]
[EventType "swiss"]
[EventRounds "9"]
[EventCountry "CZE"]

1. e4 e5 2. Nf3 Nc6 3. d4 exd4 4. Nxd4 Bc5 5. c3 Nf6 6. f3 O-O 7. Be3 Bb6 8. Na3 d5 9. Qd2 dxe4 10. O-O-O Ne5 11. Kb1 exf3 12. Bb5 c6 13. Nc4 Bxd4 14. cxd4 fxg2 15. Rhg1 Nf3 16. Qxg2 Nxg1 17. Rxg1 Bf5+ 18. Ka1 Bg6 19. Ne5 cxb5 20. Qxb7 Qd5 21. Nc6 Kh8 22. Qa6 Qe6 23. Bf4 Rac8 0-1

[Event "26th Klatovy A 2018"]
[Site "Klatovy CZE"]
[Date "2018.07.06"]
[Round "7.40"]
[White "Paldus, Jan"]
[Black "Cecil, Pavel"]
[Result "1/2-1/2"]
[WhiteElo "1778"]
[BlackElo "1924"]
[PlyCount "34"]
[EventDate "2018.06.30"]
[EventType "swiss"]
[EventRounds "9"]
[EventCountry "CZE"]

1. e4 e6 2. d4 d5 3. Nc3 Nf6 4. exd5 exd5 5. Nf3 Bg4 6. h3 Bh5 7. Bg5 Be7 8. Be2 Nbd7 9. Ne5 Bxe2 10. Qxe2 O-O 11. O-O Re8 12. Qf3 c6 13. Rfe1 Nxe5 14. Rxe5 Nd7 15. Rxe7 Rxe7 16. Bxe7 Qxe7 17. a3 Rd8 1/2-1/2

[Event "26th Klatovy A 2018"]
[Site "Klatovy CZE"]
[Date "2018.07.06"]
[Round "7.41"]
[White "Lhotska, Anna"]
[Black "Bartos, Karel"]
[Result "1-0"]
[WhiteElo "1689"]
[BlackElo "1823"]
[PlyCount "81"]
[EventDate "2018.06.30"]
[EventType "swiss"]
[EventRounds "9"]
[EventCountry "CZE"]

1. e4 c5 2. Nf3 d6 3. d4 cxd4 4. Nxd4 Nf6 5. Nc3 a6 6. f3 e5 7. Nb3 Be6 8. Be3 Be7 9. Qd2 Nbd7 10. O-O-O b5 11. g4 h6 12. Kb1 Nb6 13. Bxb6 Qxb6 14. h4 b4 15. Nd5 Bxd5 16. exd5 a5 17. Rg1 Nd7 18. Rh1 a4 19. Nc1 Nc5 20. Nd3 b3 21. cxb3 axb3 22. a3 Nxd3 23. Bxd3 h5 24. Qg2 hxg4 25. Qxg4 Bf6 26. h5 Rh6 27. Rc1 Kf8 28. Rc6 Qa5 29. Rhc1 g6 30. hxg6 fxg6 31. Bxg6 Rh2 32. Rc8+ Rxc8 33. Rxc8+ Bd8 34. Qf5+ Kg7 35. Qf7+ Kh6 36. Qh7+ Kg5 37. Qxh2 Kxg6 38. Qg3+ Kf7 39. Qg4 Bb6 40. Qe6+ Kg7 41. Rg8+ 1-0

[Event "26th Klatovy A 2018"]
[Site "Klatovy CZE"]
[Date "2018.07.06"]
[Round "7.42"]
[White "Cekan, Petr1"]
[Black "Skopec, Lubos"]
[Result "1/2-1/2"]
[WhiteElo "1966"]
[BlackElo "1981"]
[PlyCount "40"]
[EventDate "2018.06.30"]
[EventType "swiss"]
[EventRounds "9"]
[EventCountry "CZE"]

1. e4 e5 2. Nf3 Nf6 3. Nxe5 d6 4. Nf3 Nxe4 5. Nc3 Nxc3 6. dxc3 Be7 7. Be3 Nc6 8. Be2 Be6 9. Nd4 Nxd4 10. cxd4 d5 11. Qd2 Qd7 12. h3 h6 13. O-O-O Qa4 14. Kb1 O-O-O 15. b3 Qa3 16. Qc1 Rhe8 17. Rhe1 Bb4 18. Qxa3 Bxa3 19. Bd3 Re7 20. c3 Bd6 1/2-1/2

[Event "26th Klatovy A 2018"]
[Site "Klatovy CZE"]
[Date "2018.07.06"]
[Round "7.43"]
[White "Nechutny, Michal"]
[Black "Vilimova, Julie"]
[Result "1/2-1/2"]
[WhiteElo "1746"]
[BlackElo "1826"]
[PlyCount "36"]
[EventDate "2018.06.30"]
[EventType "swiss"]
[EventRounds "9"]
[EventCountry "CZE"]

1. e4 g6 2. d4 Bg7 3. Nc3 d6 4. Be3 c6 5. Qd2 Qc7 6. Bd3 b5 7. f4 Bb7 8. Nf3 a6 9. h3 Nd7 10. O-O c5 11. a3 Ngf6 12. e5 Nd5 13. Nxd5 Bxd5 14. c3 O-O 15. Qf2 Rac8 16. Rac1 c4 17. Bb1 e6 18. Ng5 Qb7 1/2-1/2

[Event "26th Klatovy A 2018"]
[Site "Klatovy CZE"]
[Date "2018.07.06"]
[Round "7.44"]
[White "Novak, Vaclav2"]
[Black "Kubat, Martin"]
[Result "1/2-1/2"]
[WhiteElo "1778"]
[BlackElo "1881"]
[PlyCount "41"]
[EventDate "2018.06.30"]
[EventType "swiss"]
[EventRounds "9"]
[EventCountry "CZE"]

1. e4 c5 2. Nf3 d6 3. Nc3 Nc6 4. d3 Nf6 5. Be2 a6 6. O-O g6 7. Nd5 Nxd5 8. exd5 Nd4 9. Re1 Bg7 10. c3 Nxe2+ 11. Qxe2 h6 12. Bf4 e5 13. dxe6 Bxe6 14. d4 O-O 15. dxc5 dxc5 16. Qe3 g5 17. Be5 Qe7 18. Bxg7 Kxg7 19. Qe5+ Kh7 20. Qe4+ Kg7 21. Qe5+ 1/2-1/2

[Event "26th Klatovy A 2018"]
[Site "Klatovy CZE"]
[Date "2018.07.06"]
[Round "7.45"]
[White "Danek, Vaclav"]
[Black "Skypala, Ondrej"]
[Result "0-1"]
[WhiteElo "1885"]
[BlackElo "1852"]
[PlyCount "56"]
[EventDate "2018.06.30"]
[EventType "swiss"]
[EventRounds "9"]
[EventCountry "CZE"]

1. Nf3 Nf6 2. g3 g6 3. Bg2 Bg7 4. O-O O-O 5. c4 d6 6. Nc3 e5 7. d3 Nc6 8. Bd2 Nh5 9. Qc1 f5 10. Bh6 f4 11. Bxg7 Kxg7 12. Nd5 g5 13. gxf4 Nxf4 14. Nxf4 gxf4 15. Kh1 Kh8 16. Rg1 Rg8 17. Qc3 Qf6 18. Raf1 Bg4 19. e3 Rg6 20. d4 e4 21. Ne5 f3 22. Nxg6+ hxg6 23. d5 Ne5 24. Rc1 fxg2+ 25. Kxg2 Qf3+ 26. Kf1 Qe2+ 27. Kg2 Kg7 28. Qc2 Bh3+ 0-1

[Event "26th Klatovy A 2018"]
[Site "Klatovy CZE"]
[Date "2018.07.07"]
[Round "8.11"]
[White "Pick, Stepan"]
[Black "Hausner, Ivan"]
[Result "0-1"]
[WhiteElo "2113"]
[BlackElo "2321"]
[PlyCount "72"]
[EventDate "2018.06.30"]
[EventType "swiss"]
[EventRounds "9"]
[EventCountry "CZE"]

1. g3 g6 2. Bg2 Bg7 3. d3 c5 4. f4 Nc6 5. Nf3 d5 6. O-O Nh6 7. c3 O-O 8. e4 d4 9. h3 dxc3 10. bxc3 b6 11. Qa4 Bd7 12. Qb3 Rc8 13. Bb2 c4 14. Qxc4 Nd4 15. cxd4 Rxc4 16. dxc4 f5 17. e5 b5 18. cxb5 Bxb5 19. Rf2 Nf7 20. Nc3 Bc4 21. d5 Qb6 22. Rd1 Rc8 23. Bf1 g5 24. Nd4 gxf4 25. gxf4 Kh8 26. Nc6 Bxf1 27. Kxf1 e6 28. Nd4 Nxe5 29. fxe5 Bxe5 30. Nb1 exd5 31. Nb3 Qa6+ 32. Kg2 Rg8+ 33. Kh1 Bxb2 34. Rxb2 Qh6 35. Nd4 Qxh3+ 36. Rh2 Qe3 0-1

[Event "26th Klatovy A 2018"]
[Site "Klatovy CZE"]
[Date "2018.07.07"]
[Round "8.12"]
[White "Formanek, Martin"]
[Black "Stinka, Jakub"]
[Result "1/2-1/2"]
[WhiteElo "2267"]
[BlackElo "2093"]
[PlyCount "85"]
[EventDate "2018.06.30"]
[EventType "swiss"]
[EventRounds "9"]
[EventCountry "CZE"]

1. Nf3 Nf6 2. g3 b6 3. Bg2 Bb7 4. O-O e6 5. d3 d5 6. Nbd2 c5 7. Re1 Be7 8. e4 Nc6 9. a3 O-O 10. e5 Nd7 11. Nf1 b5 12. h4 a5 13. N1h2 b4 14. a4 Nb6 15. h5 h6 16. Ng4 Re8 17. Bf4 Bf8 18. Qd2 Ne7 19. Ngh2 d4 20. b3 Ned5 21. Nh4 Qd7 22. g4 Nxf4 23. Qxf4 Bxg2 24. Nxg2 Nd5 25. Qg3 Be7 26. Rf1 Rf8 27. f4 f5 28. g5 hxg5 29. fxg5 Qd8 30. g6 Bg5 31. Nf4 Bh4 32. Qf3 Qg5+ 33. Kh1 Nxf4 34. Qxf4 Qxh5 35. Rg1 Qh6 36. Raf1 Rad8 37. Rg2 Rd5 38. Qxh6 gxh6 39. Nf3 Bd8 40. g7 Rf7 41. Rg6 Rxg7 42. Rxe6 Bc7 43. Rg1 1/2-1/2

[Event "26th Klatovy A 2018"]
[Site "Klatovy CZE"]
[Date "2018.07.07"]
[Round "8.13"]
[White "Kopriva, Martin"]
[Black "Jedlicka, Ales"]
[Result "0-1"]
[WhiteElo "2068"]
[BlackElo "2221"]
[PlyCount "140"]
[EventDate "2018.06.30"]
[EventType "swiss"]
[EventRounds "9"]
[EventCountry "CZE"]

1. e4 c5 2. d4 cxd4 3. Nf3 e6 4. c3 Nf6 5. e5 Nd5 6. cxd4 d6 7. Bc4 Be7 8. O-O O-O 9. Re1 Nc6 10. a3 Bd7 11. Nbd2 dxe5 12. dxe5 Rc8 13. Ne4 Qc7 14. Bxd5 exd5 15. Nc3 d4 16. Nd5 Qa5 17. Nxe7+ Nxe7 18. Nxd4 Ng6 19. b4 Qd5 20. Bb2 Rfe8 21. Nf3 Qxd1 22. Raxd1 Bg4 23. h3 Bxf3 24. gxf3 Rc2 25. Ba1 h5 26. Re4 Ra2 27. f4 Nh4 28. Re3 Nf5 29. Red3 Re6 30. Kg2 Rg6+ 31. Kf3 Nh4+ 32. Ke3 Ra6 33. Ke4 Re2+ 34. Re3 Rxf2 35. Rd8+ Kh7 36. Rd7 Ng2 37. Rg3 Rxf4+ 38. Kd5 Rf2 39. Bd4 h4 40. Rg4 Rd2 41. Ke4 Re2+ 42. Kf3 Rd2 43. Rxf7 Rg6 44. Rxg6 Kxg6 45. Rd7 Ne1+ 46. Ke3 Rh2 47. e6 Nc2+ 48. Ke4 Re2+ 49. Kd3 Nxd4 50. Kxd4 Rxe6 51. Rxb7 Ra6 52. Rb5 Rxa3 53. Ra5 Rxa5 54. bxa5 Kf6 55. a6 Ke6 56. Ke4 Kd6 57. Kf5 Kc6 58. Kg5 Kb6 59. Kxh4 Kxa6 60. Kg5 Kb5 61. h4 a5 62. Kg6 a4 63. h5 a3 64. Kxg7 a2 65. h6 a1=Q+ 66. Kg8 Qg1+ 67. Kh8 Qd4+ 68. Kg8 Qd8+ 69. Kg7 Qg5+ 70. Kh8 Qxh6+ 0-1

[Event "26th Klatovy A 2018"]
[Site "Klatovy CZE"]
[Date "2018.07.07"]
[Round "8.14"]
[White "Svanda, Ondrej"]
[Black "Dvorak, Jan"]
[Result "1/2-1/2"]
[WhiteElo "2043"]
[BlackElo "2210"]
[PlyCount "65"]
[EventDate "2018.06.30"]
[EventType "swiss"]
[EventRounds "9"]
[EventCountry "CZE"]

1. c4 e5 2. Nc3 Nf6 3. g3 g6 4. Bg2 Bg7 5. Nf3 Nc6 6. O-O O-O 7. d3 d6 8. Rb1 a5 9. a3 h6 10. b4 axb4 11. axb4 Be6 12. b5 Ne7 13. Bb2 Qd7 14. Re1 Bh3 15. Bh1 Ng4 16. Qb3 Kh8 17. Nd2 Rab8 18. Nd1 g5 19. f3 Nf6 20. Nf2 Be6 21. d4 exd4 22. Bxd4 c5 23. bxc6 Nxc6 24. Ba1 b5 25. Qd3 bxc4 26. Nxc4 Nb4 27. Qd2 Bxc4 28. Rxb4 Rxb4 29. Qxb4 Rc8 30. Bg2 Kg8 31. Bh3 Be6 32. Bxe6 Qxe6 33. Ne4 1/2-1/2

[Event "26th Klatovy A 2018"]
[Site "Klatovy CZE"]
[Date "2018.07.07"]
[Round "8.15"]
[White "Vedral, Oldrich"]
[Black "Bartos, Jan"]
[Result "1-0"]
[WhiteElo "2203"]
[BlackElo "2153"]
[PlyCount "99"]
[EventDate "2018.06.30"]
[EventType "swiss"]
[EventRounds "9"]
[EventCountry "CZE"]

1. e4 e6 2. d4 d5 3. Nc3 Bb4 4. e5 c5 5. Bd2 Ne7 6. Nb5 Bxd2+ 7. Qxd2 O-O 8. f4 a6 9. Nd6 cxd4 10. Nf3 Nbc6 11. Bd3 f6 12. O-O Qb6 13. a3 Bd7 14. Qe1 Na7 15. Qb4 Qxb4 16. axb4 Rab8 17. Nxd4 Nec6 18. Nxc6 Nxc6 19. exf6 gxf6 20. c3 Nd8 21. Rf3 Nf7 22. Rg3+ Kh8 23. Rh3 f5 24. Nxf7+ Rxf7 25. Kf2 Rg7 26. Rg3 Rxg3 27. Kxg3 Kg7 28. Kf2 Kf6 29. Re1 Rg8 30. g3 Rg6 31. h3 Rh6 32. Bf1 Rg6 33. b3 Rg8 34. Be2 Rc8 35. c4 dxc4 36. bxc4 Bc6 37. Rc1 Ke7 38. c5 Be4 39. Ra1 Rd8 40. Ke3 Bc6 41. Rd1 Rg8 42. g4 h6 43. Rd6 Bd5 44. gxf5 Rg3+ 45. Kd4 Rxh3 46. fxe6 Bxe6 47. Bxa6 Rh1 48. Bxb7 Rd1+ 49. Ke5 Re1+ 50. Be4 1-0

[Event "26th Klatovy A 2018"]
[Site "Klatovy CZE"]
[Date "2018.07.07"]
[Round "8.16"]
[White "Hlavina, Matous"]
[Black "Furman, Boris"]
[Result "0-1"]
[WhiteElo "1776"]
[BlackElo "2203"]
[PlyCount "36"]
[EventDate "2018.06.30"]
[EventType "swiss"]
[EventRounds "9"]
[EventCountry "CZE"]

1. e4 c5 2. Nf3 Nc6 3. d4 cxd4 4. Nxd4 Nf6 5. Nc3 d6 6. g3 e5 7. Nde2 Be7 8. Bg2 O-O 9. O-O a6 10. a4 Nb4 11. Bg5 Be6 12. Qd2 h6 13. Bxf6 Bxf6 14. Nd1 a5 15. Ne3 Qb6 16. Nc3 Bg5 17. Ncd1 Qd4 18. c3 Qxd2 0-1

[Event "26th Klatovy A 2018"]
[Site "Klatovy CZE"]
[Date "2018.07.07"]
[Round "8.17"]
[White "Hadraba, Vladimir"]
[Black "Krutsky, Martin"]
[Result "1/2-1/2"]
[WhiteElo "2192"]
[BlackElo "2123"]
[PlyCount "49"]
[EventDate "2018.06.30"]
[EventType "swiss"]
[EventRounds "9"]
[EventCountry "CZE"]

1. d4 Nf6 2. c4 g6 3. Nc3 Bg7 4. e4 d6 5. f3 O-O 6. Be3 e5 7. d5 Nh5 8. Nge2 f5 9. Qd2 a6 10. O-O-O b5 11. c5 b4 12. Na4 a5 13. h3 fxe4 14. fxe4 Ba6 15. Qc2 Bxe2 16. Bxe2 Ng3 17. Rhe1 h5 18. Bf3 Na6 19. b3 Kh7 20. Qd2 Qe7 21. c6 Rf7 22. Kc2 Qf8 23. Kd3 Re8 24. Bg5 Rf4 25. Re3 1/2-1/2

[Event "26th Klatovy A 2018"]
[Site "Klatovy CZE"]
[Date "2018.07.07"]
[Round "8.18"]
[White "Eret, Matous"]
[Black "Kotal, Vaclav"]
[Result "1-0"]
[WhiteElo "2184"]
[BlackElo "2101"]
[PlyCount "49"]
[EventDate "2018.06.30"]
[EventType "swiss"]
[EventRounds "9"]
[EventCountry "CZE"]

1. e4 c5 2. d3 Nc6 3. g3 d5 4. Nc3 Nf6 5. Bg2 Bg4 6. f3 Be6 7. Nge2 dxe4 8. dxe4 Qxd1+ 9. Nxd1 O-O-O 10. Ne3 g6 11. Nf4 Bd7 12. Bd2 Bg7 13. Nd3 b6 14. a4 Ne8 15. a5 Kb7 16. O-O Nd4 17. e5 Bc6 18. Bc3 Ne2+ 19. Kf2 Nxc3 20. bxc3 Nc7 21. Rfb1 Rxd3 22. cxd3 Bxe5 23. axb6 axb6 24. Nc4 Bxc3 25. Rxb6+ 1-0

[Event "26th Klatovy A 2018"]
[Site "Klatovy CZE"]
[Date "2018.07.07"]
[Round "8.19"]
[White "Palek, Miroslav"]
[Black "Dolansky, Lukas"]
[Result "1-0"]
[WhiteElo "2153"]
[BlackElo "2184"]
[PlyCount "107"]
[EventDate "2018.06.30"]
[EventType "swiss"]
[EventRounds "9"]
[EventCountry "CZE"]

1. e4 e5 2. Nf3 Nc6 3. Bb5 Bc5 4. c3 Nf6 5. O-O O-O 6. d4 Bb6 7. dxe5 Nxe4 8. Qd5 Nc5 9. Bf4 Ne7 10. Qd1 Ne6 11. Bg3 Nf5 12. Nbd2 Nxg3 13. hxg3 f6 14. Nc4 Bc5 15. b4 Be7 16. Ne3 fxe5 17. Nxe5 c6 18. Bd3 g6 19. N5g4 d5 20. Qb3 Kh8 21. Rad1 Qc7 22. Qb2 Ng7 23. c4 dxc4 24. Bxc4 b5 25. Bb3 a5 26. bxa5 Rxa5 27. Qc3 b4 28. Qc2 Rg5 29. Nh2 Bc5 30. Rfe1 Qa7 31. Nf3 Bxe3 32. Rxe3 Rxg3 33. Rde1 Rgxf3 34. Rxf3 Rxf3 35. gxf3 Qa5 36. Qd2 Bh3 37. Qf4 Qd8 38. Qe5 Bf5 39. f4 h5 40. Rd1 Qf8 41. Qc7 Kh7 42. Rd8 Qf6 43. Qd6 Qxd6 44. Rxd6 h4 45. Rxc6 Nh5 46. Rc4 h3 47. Rxb4 Nf6 48. f3 Kh6 49. a4 Kh5 50. a5 Kh4 51. Kh2 Bg4 52. Bd1 Nd5 53. Rd4 Be6 54. f5+ 1-0

[Event "26th Klatovy A 2018"]
[Site "Klatovy CZE"]
[Date "2018.07.07"]
[Round "8.20"]
[White "Kozak, Milos"]
[Black "Hajek, Jiri2"]
[Result "1-0"]
[WhiteElo "2156"]
[BlackElo "2081"]
[PlyCount "147"]
[EventDate "2018.06.30"]
[EventType "swiss"]
[EventRounds "9"]
[EventCountry "CZE"]

1. g3 g6 2. d4 Bg7 3. Bg2 Nf6 4. c4 O-O 5. Nf3 d6 6. O-O Nc6 7. Nc3 Bg4 8. h3 Bxf3 9. Bxf3 Qd7 10. Bg2 Rad8 11. b3 e6 12. e3 Ne8 13. Bb2 f5 14. d5 exd5 15. Qxd5+ Kh8 16. Qd2 Nf6 17. Rad1 Ne5 18. Qc2 Qc8 19. f4 Ned7 20. e4 Nc5 21. exf5 Qxf5 22. Qd2 Rde8 23. b4 Nce4 24. Nxe4 Nxe4 25. Bxg7+ Kxg7 26. Qd4+ Kh6 27. g4 Qf6 28. Qxf6 Nxf6 29. g5+ Kh5 30. gxf6 Rxf6 31. Bxb7 Kh4 32. Rd2 Rb8 33. Bd5 Rxb4 34. Kh2 c6 35. Bxc6 Rxc4 36. Bg2 a5 37. Rdf2 Rf5 38. Rd2 a4 39. Rf3 h5 40. Rxd6 g5 41. fxg5 Rxf3 42. Bxf3 Rc2+ 43. Bg2 Kxg5 44. Rd5+ Kh6 45. h4 Rxa2 46. Kg3 Rb2 47. Bf3 a3 48. Rxh5+ Kg6 49. Ra5 Rb3 50. Kf4 Rb4+ 51. Be4+ Kh6 52. Ra6+ Kg7 53. Rxa3 Rb5 54. Ra7+ Kf6 55. Ra6+ Kg7 56. Bf5 Rb7 57. Kg5 Rf7 58. h5 Rf8 59. h6+ Kg8 60. Kg6 Kh8 61. Ra7 Rg8+ 62. Rg7 Re8 63. Rc7 Rg8+ 64. Kf6 Rf8+ 65. Kg5 Rg8+ 66. Bg6 Rd8 67. Rh7+ Kg8 68. Re7 Kh8 69. Bf5 Rg8+ 70. Bg6 Rd8 71. Bf7 Rb8 72. Kg6 Rf8 73. Rd7 Rc8 74. Be6 1-0

[Event "26th Klatovy A 2018"]
[Site "Klatovy CZE"]
[Date "2018.07.07"]
[Round "8.21"]
[White "Smid, Pavel"]
[Black "Jelinek, Michal"]
[Result "1-0"]
[WhiteElo "1964"]
[BlackElo "2204"]
[PlyCount "153"]
[EventDate "2018.06.30"]
[EventType "swiss"]
[EventRounds "9"]
[EventCountry "CZE"]

1. e4 e5 2. Nf3 Nc6 3. Bb5 a6 4. Ba4 Nf6 5. O-O Be7 6. d3 b5 7. Bb3 d6 8. c3 Na5 9. Bc2 c5 10. a4 Bb7 11. Nbd2 O-O 12. Re1 Nc6 13. Nf1 Re8 14. Ng3 Qc7 15. Nf5 Bf8 16. Bg5 Nd7 17. N3h4 Nd8 18. Qg4 Kh8 19. Re3 Ne6 20. Rg3 d5 21. Nh6 f6 22. Bd2 Bd6 23. Nf7+ Kg8 24. Nxd6 Qxd6 25. Nf5 Qf8 26. Bh6 Re7 27. Nxe7+ Qxe7 28. exd5 Bxd5 29. axb5 axb5 30. Rxa8+ Bxa8 31. Bb3 c4 32. dxc4 Ndc5 33. Ba2 Qa7 34. Bb1 Qa1 35. Qd1 Ne4 36. Bxg7 f5 37. Bxe5+ Nxg3 38. hxg3 Be4 39. Bc2 Qxd1+ 40. Bxd1 bxc4 41. Ba4 Nc5 42. Bb5 Bd5 43. Bd4 Ne6 44. Be3 Kf7 45. f3 Ke7 46. Kf2 Nc7 47. Ba4 Ne6 48. Bb6 h5 49. Ke3 Kf7 50. Bc2 Kf6 51. Bd4+ Kg5 52. Be5 Nd8 53. Kd4 Bg8 54. Bf4+ Kf6 55. Ba4 Ne6+ 56. Ke3 Nc5 57. Be8 Be6 58. Bd6 Nb7 59. Bc7 Kg5 60. Bf4+ Kf6 61. Bxh5 Ke7 62. g4 Nc5 63. gxf5 Bxf5 64. Kd4 Ne6+ 65. Ke5 Bd3 66. g4 Nc5 67. g5 Na4 68. Bc1 Nc5 69. f4 Bh7 70. Be3 Nd3+ 71. Kd4 Nxb2 72. g6 Bg8 73. Bf2 Kf6 74. Ke4 Kg7 75. f5 Kh6 76. f6 Nd3 77. Be3+ 1-0

[Event "26th Klatovy A 2018"]
[Site "Klatovy CZE"]
[Date "2018.07.07"]
[Round "8.22"]
[White "Ondrejat, Miroslav"]
[Black "Simunek, Filip"]
[Result "0-1"]
[WhiteElo "1948"]
[BlackElo "2184"]
[PlyCount "158"]
[EventDate "2018.06.30"]
[EventType "swiss"]
[EventRounds "9"]
[EventCountry "CZE"]

1. c4 f5 2. Nc3 Nf6 3. g3 g6 4. Bg2 Bg7 5. d4 O-O 6. Nh3 Nc6 7. O-O d6 8. a3 e5 9. d5 Ne7 10. Ng5 h6 11. Ne6 Bxe6 12. dxe6 c6 13. e4 Ne8 14. exf5 gxf5 15. g4 Qc8 16. gxf5 Nxf5 17. f4 Qxe6 18. fxe5 Qxc4 19. exd6 Nexd6 20. Bf4 Rad8 21. Kh1 Ne4 22. Qh5 Nxc3 23. bxc3 Qxc3 24. Rae1 Qc5 25. Qg4 Rde8 26. Be4 Qd4 27. Qg2 Nh4 28. Qc2 Ng6 29. Bxg6 Rxe1 30. Rxe1 Qxf4 31. Be4 Kh8 32. Qg2 Qf2 33. Rb1 Qxg2+ 34. Kxg2 Rf7 35. a4 Bc3 36. h4 Kg7 37. h5 Kf8 38. Rf1 Rxf1 39. Kxf1 Ke7 40. Ke2 Kd6 41. Kd3 Be1 42. Kc4 Kc7 43. Bg6 Kb6 44. Bc2 Ka5 45. Kb3 Kb6 46. Kc4 Kc7 47. Bg6 Kd6 48. Bf7 Bf2 49. Bg6 a6 50. Bf7 Be3 51. Be8 Bd2 52. Kd3 Be1 53. Kc4 Ke7 54. Bg6 Kd7 55. Bf7 Kc7 56. Be8 Kb6 57. Bd7 Ka5 58. Kb3 Kb6 59. Kc4 Kc7 60. Be8 b5+ 61. axb5 axb5+ 62. Kb3 Kb6 63. Bd7 Bf2 64. Be8 Be1 65. Bd7 c5 66. Bh3 c4+ 67. Kc2 b4 68. Be6 Kc5 69. Bf7 b3+ 70. Kd1 Bg3 71. Kc1 Kb4 72. Kb1 Kc3 73. Be6 Kd3 74. Bf7 Bf4 75. Be6 Kc3 76. Bf7 Kb4 77. Be6 c3 78. Bf5 Kc4 79. Be6+ Kb4 0-1

[Event "26th Klatovy A 2018"]
[Site "Klatovy CZE"]
[Date "2018.07.07"]
[Round "8.23"]
[White "Kaderabek, Jiri"]
[Black "Kunc, Jan"]
[Result "1/2-1/2"]
[WhiteElo "2125"]
[BlackElo "1947"]
[PlyCount "33"]
[EventDate "2018.06.30"]
[EventType "swiss"]
[EventRounds "9"]
[EventCountry "CZE"]

1. e4 c5 2. Nf3 d6 3. d4 cxd4 4. Nxd4 Nf6 5. Nc3 g6 6. Bc4 Bg7 7. O-O O-O 8. Re1 Nc6 9. Nxc6 bxc6 10. e5 dxe5 11. Qf3 Qc7 12. Be3 Bf5 13. Bb3 Rfd8 14. Bc5 h5 15. Qe2 Nd5 16. Ne4 Nf4 17. Qa6 1/2-1/2

[Event "26th Klatovy A 2018"]
[Site "Klatovy CZE"]
[Date "2018.07.07"]
[Round "8.24"]
[White "Kovar, Petr"]
[Black "Brejnik, Gustav"]
[Result "1/2-1/2"]
[WhiteElo "1911"]
[BlackElo "2120"]
[PlyCount "56"]
[EventDate "2018.06.30"]
[EventType "swiss"]
[EventRounds "9"]
[EventCountry "CZE"]

1. c4 e5 2. Nc3 Bb4 3. Nd5 a5 4. g3 Ne7 5. Nxb4 axb4 6. Bg2 Nbc6 7. d3 O-O 8. Nf3 d6 9. Bd2 h6 10. Qb3 Bg4 11. Bxb4 Nf5 12. Bc3 Bxf3 13. exf3 Nfd4 14. Qd1 f5 15. O-O f4 16. a4 Qe8 17. b4 Ne6 18. b5 Ncd4 19. a5 c6 20. bxc6 bxc6 21. Bxd4 Nxd4 22. a6 Ra7 23. Qa4 Qa8 24. Ra2 c5 25. h4 Rb8 26. gxf4 exf4 27. Re1 Nc6 28. Bh3 Nd4 1/2-1/2

[Event "26th Klatovy A 2018"]
[Site "Klatovy CZE"]
[Date "2018.07.07"]
[Round "8.25"]
[White "Kusa, Jakub"]
[Black "Flajsman, Pavel"]
[Result "1-0"]
[WhiteElo "2046"]
[BlackElo "1828"]
[PlyCount "101"]
[EventDate "2018.06.30"]
[EventType "swiss"]
[EventRounds "9"]
[EventCountry "CZE"]

1. e4 e5 2. Nf3 Nc6 3. Bb5 a6 4. Ba4 Nf6 5. d3 b5 6. Bb3 Be7 7. O-O d6 8. c3 Na5 9. Bc2 c5 10. Nbd2 Qc7 11. Re1 O-O 12. Nf1 Bb7 13. Bg5 c4 14. d4 Bc6 15. Ng3 g6 16. Qd2 Ne8 17. Rad1 Nb7 18. d5 Bxg5 19. Qxg5 f6 20. Qh6 Bd7 21. h3 a5 22. Nd2 Nd8 23. Qe3 Nf7 24. Rf1 Ng7 25. Kh2 b4 26. f4 Rab8 27. Rf2 exf4 28. Rxf4 Ne5 29. Rdf1 Ne8 30. Ne2 bxc3 31. Qxc3 Qc5 32. a3 Kg7 33. Nd4 Nc7 34. g4 Rf7 35. N2f3 Rbf8 36. g5 fxg5 37. Rxf7+ Rxf7 38. Nxe5 dxe5 39. Nf3 Qd6 40. Kg2 Re7 41. Nxg5 h6 42. Qf3 hxg5 43. Qf8+ Kh7 44. Rf7+ Rxf7 45. Qxd6 Nb5 46. Qxe5 g4 47. h4 Kg8 48. Ba4 Kh7 49. d6 Na7 50. Bxd7 Rxd7 51. Qe7+ 1-0

[Event "26th Klatovy A 2018"]
[Site "Klatovy CZE"]
[Date "2018.07.07"]
[Round "8.26"]
[White "Hak, David"]
[Black "Novy, Vaclav"]
[Result "0-1"]
[WhiteElo "1886"]
[BlackElo "2065"]
[PlyCount "140"]
[EventDate "2018.06.30"]
[EventType "swiss"]
[EventRounds "9"]
[EventCountry "CZE"]

1. e4 c5 2. Nf3 d6 3. d4 cxd4 4. Nxd4 Nf6 5. Be3 g6 6. Nc3 Bg7 7. f3 O-O 8. Qd2 Nc6 9. O-O-O d5 10. Nxc6 bxc6 11. exd5 Nxd5 12. Nxd5 cxd5 13. Qxd5 Qc7 14. Qc5 Qb8 15. Qa3 Be6 16. Ba6 Qe5 17. Kb1 Rfd8 18. g3 Bd5 19. Bf4 Qf6 20. Rd3 e5 21. Bc1 e4 22. Rxd5 Rxd5 23. Bb7 Rad8 24. Bxd5 Rxd5 25. fxe4 Rb5 26. Rd1 h5 27. Rd5 Rb6 28. Rd7 Qf1 29. c3 Bh6 30. b3 Rf6 31. Rd8+ Kh7 32. c4 Rf2 33. b4 Rxh2 34. Qc3 Bg7 35. Qd3 Qg2 36. Bd2 Qg1+ 37. Kc2 Qa1 38. Qb3 Qe1 39. Qd3 Bh6 40. Qc3 Qxe4+ 41. Kb3 Bg7 42. Qd3 Qe5 43. Bc3 Qxc3+ 44. Qxc3 Bxc3 45. Kxc3 Rxa2 46. c5 Ra3+ 47. Kc4 Rxg3 48. c6 Rg4+ 49. Kb5 Rg1 50. Rd5 Rc1 51. Rc5 Re1 52. c7 Re8 53. c8=Q Rxc8 54. Rxc8 h4 55. Ka6 g5 56. Kxa7 g4 57. b5 h3 58. Rc1 h2 59. b6 g3 60. b7 g2 61. b8=Q g1=Q+ 62. Rxg1 hxg1=Q+ 63. Qb6 Qxb6+ 64. Kxb6 Kg6 65. Kc5 Kf5 66. Kd4 Kf4 67. Kd3 Kf3 68. Kd2 Kf2 69. Kd1 f5 70. Kd2 f4 0-1

[Event "26th Klatovy A 2018"]
[Site "Klatovy CZE"]
[Date "2018.07.07"]
[Round "8.27"]
[White "Vevera, Radek"]
[Black "Novy, Daniel"]
[Result "1-0"]
[WhiteElo "2064"]
[BlackElo "1941"]
[PlyCount "63"]
[EventDate "2018.06.30"]
[EventType "swiss"]
[EventRounds "9"]
[EventCountry "CZE"]

1. e4 c5 2. Nf3 d6 3. d4 cxd4 4. Nxd4 a6 5. Be3 Nf6 6. Nc3 e6 7. g4 Nc6 8. g5 Nd7 9. Rg1 Qa5 10. Qd2 Nde5 11. Be2 Nxd4 12. Qxd4 b5 13. f4 b4 14. Nd1 Nc6 15. Qd2 Bb7 16. Bf3 Be7 17. Nf2 Rc8 18. Ng4 Rg8 19. h4 Qc7 20. Rg2 Na5 21. b3 d5 22. exd5 Rd8 23. O-O-O Bxd5 24. Bxd5 Rxd5 25. Qe1 Rxd1+ 26. Qxd1 Bd6 27. Qd3 Bxf4 28. Bxf4 Qxf4+ 29. Rd2 Qc7 30. Qxh7 Kf8 31. Qe4 Ke7 32. Qxb4+ 1-0